000 00470nam a2200133 a 4500
008 120416s1969 ||||||||||||||||| || u
050 _aPR 6052.A623 Bar
100 _aBarrett, William E
245 1 4 _aThe Wine and the music
260 _aLondon
_bHeinemann
_c1969
300 _aviii, 308p.
350 _a0.00
995 _D0.00
_FCBU-MAIN LIBRARY (Kitwe)
_H1
_I2.10
_M1
_UAVAILABLE
_ZAnnex Low-Usage Collection
999 _c61796
_d61796